100 Highest Grossing Horror Films - Statistics

General Stats
  • This quiz has been taken 184 times
  • The average score is 43 of 100
Answer Stats
Year Leading Actor Answer % Correct
3 2019 Bill Hader It: Chapter 2
95%
22 2018 Jamie Lee Curtis Halloween
91%
1 2017 Bill Skarsgård It
90%
73 2022 Melissa Barrera Scream
89%
47 1996 Skeet Ulrich Scream
89%
49 1997 Courtney Cox Scream 2
89%
56 2003 Neve Campbell Scream 3
89%
51 2023 Jenna Ortega Scream VI
89%
83 2021 Jaime Lee Curtis Halloween Kills
88%
80 2010 Cary Elwes Saw 3D
77%
63 2005 Donnie Wahlberg Saw II
77%
53 2006 Costas Mandylor Saw III
77%
79 2007 Lyriq Bent Saw IV
77%
97 2008 Tobin Bell Saw V
77%
86 2023 Shawnee Smith Saw X
77%
98 2010 Jackie Earle Haley A Nightmare on Elm Street
75%
54 2005 Naomi Watts The Ring 2
75%
17 1991 Jodie Foster The Silence of the Lambs
75%
39 1979 Sigourney Weaver Alien
73%
27 2017 Michael Fassbender Alien: Covenant
73%
6 2024 Cailee Spaeney Alien: Romulus
73%
4 1973 Linda Blair The Exorcist
67%
23 2017 Daniel Kaluuya Get Out
65%
78 2023 Leslie Odom Jr. The Exorcist: Believer
65%
2 1975 Richard Dreyfuss Jaws
63%
32 1978 Roy Scheider Jaws 2
63%
21 2019 Lupita N'Yongo Us
61%
8 2018 John Krasinski A Quiet Place
59%
19 2024 Joseph Quinn A Quiet Place: Day One
59%
14 2021 Emily Blunt A Quiet Place: Part II
59%
9 2013 Patrick Wilson The Conjuring
58%
11 2016 Madison Wolfe The Conjuring 2: The Enfield Poltergeist
58%
36 2021 Vera Farmiga The Conjuring: The Devil Made Me Do It
58%
7 2001 Anthony Hopkins Hannibal
56%
50 2022 Keke Palmer Nope
56%
15 2010 Milla Jovovich Resident Evil: Afterlife
51%
88 2004 Milla Jovovich Resident Evil: Apocalypse
51%
64 2007 Oded Fehr Resident Evil: Extinction
51%
26 2012 Milla Jovovich Resident Evil: Retribution
51%
10 2016 Milla Jovovich Resident Evil: The Final Chapter
51%
20 2014 Annabelle Wallis Annabelle
50%
31 1992 Gary Oldman Bram Stoker's Dracula
50%
55 2013 Rose Byrne Insidious Chapter 2
49%
93 2015 Stefanie Scott Insidious Chapter 3
49%
48 2018 Lin Shaye Insidious: The Last Key
49%
42 2023 Patrick Wilson Insidious: The Red Door
49%
87 1997 Jennifer Love Hewitt I Know What You Did Last Summer
46%
28 2019 McKenna Grace Annabelle Comes Home
45%
12 2017 Lulu Wilson Annabelle: Creation
45%
44 2024 Lily Rose Depp Nosferatu
45%
16 2017 James MacAvoy Split
42%
30 2022 Sosie Bacon Smile
40%
74 2024 Naomi Scott Smile 2
40%
5 2018 Bonnie Aarons The Nun
38%
18 2023 Taissa Farmiga The Nun II
38%
25 2002 Daveigh Chase The Ring
34%
72 2020 Elizabeth Moss The Invisible Man
31%
33 2001 Nicole Kidman The Others
31%
85 2024 Nicolas Cage Longlegs
30%
57 2022 Ethan Hawke The Black Phone
30%
13 2023 Josh Hutcherson Five Nights at Freddy's
29%
61 2011 Nicholas D'Agosto Final Destination 5
28%
40 2009 Richard Harmon The Final Destination
28%
92 1982 Craig T. Nelson Poltergeist
27%
99 2003 Robert Englund Freddy Vs. Jason
24%
37 2009 Micah Sloat Paranormal Activity
24%
46 2010 Katie Featherston Paranormal Activity 2
24%
35 2011 Chloe Csengery Paranormal Activity 3
24%
69 2012 Kathryn Newton Paranormal Activity 4
24%
84 2012 Daniel Radcliffe The Woman in Black
24%
82 1994 Jack Nicholson Wolf
24%
29 1994 Tom Cruise Interview with the Vampire
23%
24 1999 Rei Hance The Blair Witch Project
20%
76 2018 Lex Scott Davis The First Purge
20%
77 1997 Jennifer Lopez Anaconda
19%
67 2023 Lily Sullivan Evil Dead Rise
19%
43 2022 Allison Williams M3GAN
18%
71 2003 Halle Berry Gothika
17%
41 2004 Clea DuValle The Grudge
17%
45 1999 Liam Neeson The Haunting
16%
81 2007 John Cusack 1408
14%
38 2000 Kevin Bacon Hollow Man
14%
34 1999 Christina Ricci Sleepy Hollow
14%
95 2006 Julia Stiles The Omen
14%
58 2015 Jack Black Goosebumps
13%
66 2013 Jessica Chastain Mama
13%
96 2016 Frank Grillo The Purge: Election Year
13%
52 1999 Samuel L Jackson Deep Blue Sea
12%
59 2016 Jane Levy Don't Breathe
12%
90 2005 Robert De Niro Hide and Seek
12%
70 2010 Anthony Hopkins The Wolfman
12%
62 1997 Keanu Reeves Devil's Advocate
11%
68 2005 Jennifer Carpenter The Exorcism of Emily Rose
9%
89 2017 Jessica Rothe Happy Death Day
7%
94 2003 Jonathan Breck Jeepers Creepers 2
7%
65 2016 Teresa Palmer Lights Out
7%
100 1995 Ben Kingsley Species
6%
91 2019 Linda Cardellini The Curse of La Llorona
6%
60 2019 Taylor Russell Escape Room
5%
75 2012 Benjamin Walker Abraham Lincoln: Vampire Hunter
2%
No matching quizzes found
Score Distribution
Percent of People with Each Score
Percentile by Number Answered
Your Score History
You have not taken this quiz